000 00544nam a2200181Ia 4500
008 100920s9999 xx 000 0 und d
082 _b46533
_a24 थ 83
100 _aमडकईकर भालचंद्र.
245 _aसावित्री.
260 _bप्रिया प्रकाशन,मुंबई.
_c1983
300 _a216
_bसाधी
365 _b36
520 _aसायो.
630 _aसावित्री.
650 _aसायो.
730 _aसावित्री.
942 _cBOOK
999 _c694330
_d694327